<?xml version="1.0" encoding="UTF-8"?>
<record
    xmlns:xsi="http://www.w3.org/2001/XMLSchema-instance"
    xsi:schemaLocation="http://www.loc.gov/MARC21/slim http://www.loc.gov/standards/marcxml/schema/MARC21slim.xsd"
    xmlns="http://www.loc.gov/MARC21/slim">

  <leader>02317agaaa2200325   4500</leader>
  <controlfield tag="001">3192</controlfield>
  <controlfield tag="003">IT-RoPAU</controlfield>
  <controlfield tag="005">20220918181227.0</controlfield>
  <controlfield tag="007">d cvaizq</controlfield>
  <controlfield tag="008">50131s9999||||xx ||| |     ||   ||und||</controlfield>
  <datafield tag="040" ind1=" " ind2=" ">
    <subfield code="a">IT-RoPAU</subfield>
    <subfield code="c">IT-RoPAU</subfield>
  </datafield>
  <datafield tag="041" ind1=" " ind2=" ">
    <subfield code="a">ITALIANO</subfield>
  </datafield>
  <datafield tag="100" ind1=" " ind2=" ">
    <subfield code="a">Blasetti Alessandro</subfield>
    <subfield code="g">Codice regista SPICS: 9116</subfield>
    <subfield code="9">38909</subfield>
  </datafield>
  <datafield tag="130" ind1=" " ind2=" ">
    <subfield code="a">CORONA DI FERRO (LA)</subfield>
    <subfield code="9">38910</subfield>
  </datafield>
  <datafield tag="245" ind1=" " ind2=" ">
    <subfield code="a">CORONA DI FERRO (LA)</subfield>
    <subfield code="c">Sceneggiatura: Pavolini C. Zorzi G. Zucca G. Blasetti A. Castellani R. -- Diretto da: Blasetti Alessandro</subfield>
    <subfield code="p">CORONA DI FERRO (LA) (Rif. Codice opera principale : 63192)</subfield>
  </datafield>
  <datafield tag="250" ind1=" " ind2=" ">
    <subfield code="a">Edizione Standard</subfield>
  </datafield>
  <datafield tag="260" ind1=" " ind2=" ">
    <subfield code="a">(ITALIA)</subfield>
    <subfield code="b">LUX - ENIC / Distribuzione: RAI TRE</subfield>
    <subfield code="g">"1941 (1&#xB0; ed.: 1987 ; Ed. Lingua Orig.: 1941)"</subfield>
  </datafield>
  <datafield tag="300" ind1=" " ind2=" ">
    <subfield code="a">VHS</subfield>
    <subfield code="b">sonoro, b&amp;w</subfield>
    <subfield code="c">86 minuti</subfield>
  </datafield>
  <datafield tag="508" ind1=" " ind2=" ">
    <subfield code="a">"Fotografia: Vich V. Graveri M.; Montaggio: Mario Serandrei; Musica: Cicognini Alessandro = (Cini A. 13532); Sceneggiatura: Pavolini C. Zorzi G. Zucca G. Blasetti A. Castellani R.; Scenografia: Marchi V.; Soggetto: Blasetti Alessandro -- Castellani Renato"</subfield>
  </datafield>
  <datafield tag="511" ind1=" " ind2=" ">
    <subfield code="a">"Luisa Ferida; Elisa Cegani; Gino Cervi; Rina Morelli; Massimo Girotti; Osv. Valenti"</subfield>
  </datafield>
  <datafield tag="520" ind1=" " ind2=" ">
    <subfield code="a">ALTRI-INTERPRETI: PAOLO-STOPPA PRIMO-CARNERA DINA-PERBELLINIA KINDAOR UN PAESE DI LEGGENDA COL FRATRICIDIO SEDEMONDO SPODESTA IL LEGITTIMO SOVRANO E S'IMPADRONISCE DEL REAME SCAMPA SOLO ARMINIO IL FIGLIOLETTO DELLO SPODESTATO CHE VIENE PORTATO NELLA FORESTA E CRESCE COME TARZAN PASSANO GLI ANNI IL RAGAZZO DIVENUTO UOMO SI UNISCE AI POPOLANI CHE COMBATTONO LA GUERRIGLIA CONTRO RE SEDEMONDO PARTECIPA A UN TORNEO E BATTE I PIU' FAMOSI CAVALIERI DELLA TERRA OTTENENDO LA MANO DELLA BUONA FIGLIA DELL'USURPATORE MA QUESTA MUORE SUL PAESE ORMAI PACIFICATO REGNERANNO IL GIOVANE E LA PRINCIPESSA TUNDRA FIGLIA DEL SOVRANO DI UN REGNO CONFINANTE CON KINDAOR</subfield>
  </datafield>
  <datafield tag="538" ind1=" " ind2=" ">
    <subfield code="a">PAL, STEREO</subfield>
  </datafield>
  <datafield tag="546" ind1=" " ind2=" ">
    <subfield code="a">ITALIANO</subfield>
  </datafield>
  <datafield tag="650" ind1=" " ind2=" ">
    <subfield code="a">DRAMMATICO</subfield>
    <subfield code="e">FILMS [VHS]</subfield>
    <subfield code="x">Codice MATERIA SPICS: 9960</subfield>
    <subfield code="9">34083</subfield>
  </datafield>
  <datafield tag="700" ind1=" " ind2=" ">
    <subfield code="a">Blasetti Alessandro </subfield>
    <subfield code="e">(regista)</subfield>
    <subfield code="g">Codice regista SPICS: 9116</subfield>
    <subfield code="9">38911</subfield>
  </datafield>
  <datafield tag="700" ind1=" " ind2=" ">
    <subfield code="a">Blasetti Alessandro </subfield>
    <subfield code="e">(soggetto)</subfield>
    <subfield code="g">Codice Soggetto SPICS: 9116</subfield>
    <subfield code="9">38912</subfield>
  </datafield>
  <datafield tag="700" ind1=" " ind2=" ">
    <subfield code="a">Castellani Renato </subfield>
    <subfield code="e">(soggetto)</subfield>
    <subfield code="g">Codice Soggetto 2&#xB0; SPICS: 8317</subfield>
    <subfield code="9">38913</subfield>
  </datafield>
  <datafield tag="700" ind1=" " ind2=" ">
    <subfield code="a">Cicognini Alessandro = (Cini A. 13532)</subfield>
    <subfield code="e">(musica)</subfield>
    <subfield code="g">Codice Musica SPICS: 8029</subfield>
    <subfield code="9">38914</subfield>
  </datafield>
  <datafield tag="942" ind1=" " ind2=" ">
    <subfield code="c">VH</subfield>
    <subfield code="2">ddc</subfield>
  </datafield>
  <datafield tag="999" ind1=" " ind2=" ">
    <subfield code="c">105004</subfield>
    <subfield code="d">105004</subfield>
  </datafield>
  <datafield tag="952" ind1=" " ind2=" ">
    <subfield code="0">0</subfield>
    <subfield code="1">0</subfield>
    <subfield code="4">0</subfield>
    <subfield code="6">63192_000000000000000</subfield>
    <subfield code="7">1</subfield>
    <subfield code="a">SPICS</subfield>
    <subfield code="b">SPICS</subfield>
    <subfield code="d">2015-01-31</subfield>
    <subfield code="l">0</subfield>
    <subfield code="o">63192</subfield>
    <subfield code="r">2015-01-31 00:00:00</subfield>
    <subfield code="w">2015-01-31</subfield>
    <subfield code="y">VH</subfield>
    <subfield code="z">Progr. Ins.: 2259 / N.Vol.:1 / Copie: 1 / Pag.: / Copia rara: n.d. / date import: 1.2.2015 / By Epidotti, Trombetti, Vaglietti</subfield>
  </datafield>
</record>
